Trouve ces pays grâce à 3 indices #2 - Statistiques

Statistiques générales
  • Ce quiz a été pris 175 fois
  • Le résultat moyen est 8 sur 10
Statistiques - réponses
Hints Réponse % Correct
Paella / Ibiza / Andalousie Espagne
100%
Kangourou / Barrière de corail / Uluru Australie
97%
Souk / Couscous / Lions de l'Atlas Maroc
97%
Squid Game / Won / K-pop Corée du sud
94%
Vélo / Canaux / Tulipe Pays Bas
86%
Lusitanie / Pastéis de nata / Morue Portugal
85%
Orang-outan / Bali / Rizière Indonésie
84%
Koh Lanta / Bouddhisme / Phuket Thaïlande
83%
Costa da Pimenta / Weah / Monrovia Libéria
55%
Thé / Colombo / Curry Sri Lanka
42%
Aucun quiz correspondant
Distribution des résultats
% des personnes avec chaque résultat
Percentile par nombre de réponses
Votre historique - résultats
Vous n’avez pas pris ce quiz